000
00227nam a2200097Ia 4500
008
240331s9999 xx 000 0 und d
082
_b
HIL
100
_a
Hildebrand,V
245
0
_a
Parenting and teaching young children
942
_c
L
999
_c
4542
_d
4542